00653nam a2200229Ia 4500003000400000005001700004008004100021020001400062040000700076041000800083082001700091100003200108245003400140260003300174300001500207365000800222650001800230906003500248942001200283999001900295952010900314OSt20230425164909.0210423s1984 xx 000 0 und d a140511261 cAL aeng a581.03 BLAS aBLACKMORE (Stephen).993057 aPenguin dictionary of botany. aNew YorkbOxford & IBHc1984 aii,390bPB cINR aBotany993058 abotany. ; dictionary ; Penguin 2ddccBK c162700d162700 001040708BTaSACPGbSACPGd2003-05-03l0o581.03 BLASpPG009193r2022-08-24 00:00:00w2021-04-26yBK